Автогенераторный асинхронный двигатель: автореферат диссертации на соискание ученой степени кандидата технических наук; спец. 05.09.01

מידע ביבליוגרפי
מחבר ראשי: Миляшов Н. Ф. Николай Федорович
Corporate Authors: Томский политехнический институт (ТПИ), Казанский химико-технологический институт им. С. М. Кирова (КХТИ)
מחברים אחרים: Зиннер Л. Я. (научный руководитель)
סיכום:Защита сост. 11.06.1986 г.
For_staff_use
שפה:רוסית
יצא לאור: Томск, 1986
נושאים:
פורמט: ספר
KOHA link:https://koha.lib.tpu.ru/cgi-bin/koha/opac-detail.pl?biblionumber=323894

MARC

LEADER 00000nam0a2200000 4500
001 323894
005 20231102003620.0
035 |a (RuTPU)RU\TPU\book\349482 
035 |a RU\TPU\book\48360 
090 |a 323894 
100 |a 20030113d1986 k y0rusy50 ca 
101 0 |a rus 
102 |a RU 
105 |a a dm 001zy 
200 1 |a Автогенераторный асинхронный двигатель  |e автореферат диссертации на соискание ученой степени кандидата технических наук  |e спец. 05.09.01  |f Н. Ф. Миляшов  |g Томский политехнический институт (ТПИ) ; Казанский химико-технологический институт им. С. М. Кирова (КХТИ) ; науч. рук. Л. Я. Зиннер 
210 |a Томск  |d 1986 
215 |a 18 с.  |c ил. 
300 |a Защита сост. 11.06.1986 г. 
320 |a Библиогр.: с. 18 (5 назв.) 
371 0 |a For_staff_use 
606 1 |a Электрические двигатели, асинхронные  |2 stltpush  |3 (RuTPU)RU\TPU\subj\26924  |9 50755 
610 1 |a автогенераторы 
610 1 |a электрические машины 
610 1 |a исследование 
610 1 |a расчет 
610 1 |a характеристики 
610 1 |a авторефераты диссертаций 
675 |a 621.313.333(04)  |v 4 
686 |a 05.09.01  |2 oksvnk 
700 1 |a Миляшов  |b Н. Ф.  |g Николай Федорович 
702 1 |a Зиннер  |b Л. Я.  |4 727 
712 0 2 |a Томский политехнический институт (ТПИ)  |c (1944-1991)  |2 stltpush  |3 (RuTPU)RU\TPU\col\1123 
712 0 2 |a Казанский химико-технологический институт им. С. М. Кирова (КХТИ)  |c (1935-1992)  |2 stltpush  |3 (RuTPU)RU\TPU\col\3704 
801 1 |a RU  |b 63413507  |c 20161031 
801 2 |a RU  |b 63413507  |c 20181016  |g RCR 
942 |c BK